000 00377nam a2200145Ia 4500
008 230917s9999||||xx |||||||||||||| ||und||
040 _e43018
_aMAIN
041 _aEnglish
082 _a944.033 M568G
100 _aMethuen, Roger, ed
245 0 _aGovernment and society in Louis xiv's France
260 _aLondon
_bMacmillan
_c1977
300 _axviii, 270 p.
942 _cBK
999 _c231249
_d231249